01256am a2200337a 44500003000900000005001700009008004100026020001800067040001300085245008000098260004400178300003200222490001700254500025100271650002800522650002400550650002100574650002600595650001800621650001300639650001500652650001200667651001300679651001100692653003100703700003900734700003100773700003500804810003800839810004100877AR-BaBNM20251128210530.0080020s1998 #AR|||||||||||000 | spa|| a84-8319-027-3 cAR-BaBNM10aVivamos la diversidadbmateriales para una acción educativa intercultural aMadridbLos Libros de la Cataratac1998 a381 p.bil., mapas., tablas 0aEdupazvv. 6 aEste material es parte del proyecto Visquem la diversitat. Es un proyecto de acción educativa intercultural formado por diversos colectivos educativos y de inmigrantes que desde el año 1995 viene organizando diversas actividades en Cataluña 4aEDUCACION MULTICULTURAL 4aMINORIAS CULTURALES 4aMINORIAS ETNICAS 4aDISCRIMINACION RACIAL 4aCULTURA ARABE 4aJUDAISMO 4aMUSULMANES 4aGITANOS 4aEspaña 4aAfrica aEDUCACION EN LA DIVERSIDAD1 aMartí Amiguet, Carmenetraductor1 aCascón, Pacoerevisión1 aGonzález, Montseerevisión2 aAsociación Pro Derechos Humanos2 aSeminario de Educación para la Paz